| 000 | 00359nam a2200133Ia 4500 | ||
|---|---|---|---|
| 008 | 230519s9999 xx 000 0 und d | ||
| 041 | _aeng | ||
| 082 | _aC/004/JAI/KUM/DB0022 | ||
| 100 |
_aKumari Neelam & Jain Pooja _9180204 |
||
| 245 | _aPV Introduction to Computers | ||
| 260 |
_bS Vikas and Co _aJalandhar _c2009 |
||
| 300 | _a401p | ||
| 999 |
_c158849 _d158849 |
||